000 00921nam a22002531u 4500
001 05554
003 HDC
007 cr bn ---aaaaa
008 210120p9999 | d 00 engg
040 _aHDC
100 _aRotondi, Fabrizio
_eauthor
_95821
245 0 _aSupply Chain Management in the global food industry / by
_cFabrizio Rotondi, Andrea Marotta, Pierre Aden and Hendrik Schäfers
260 _a[no place] :
_b[publisher not identified],
_c[no year]
300 _a 1 online resource ( 18 pages)
336 _atext
_2rdacontent
337 _acomputer
_2rdamedia
338 _aonline resource
_2rdacarrier
650 _afood industry
_9536
650 _aSupply Chain
_9537
856 _zRequest full-text at [email protected]
942 _2lcc
942 _cAR
942 _kJART 001407
999 _c2878
_d2878